[Event "Rottach Egern Seniors Cup 10th"]
[Site "Rottach Egern"]
[Date "2022.04.02"]
[Round "8"]
[White "Heidrich, Detlef"]
[Black "Klein, Reinhard"]
[Result "0-1"]
[WhiteElo "1578"]
[BlackElo "1874"]
[PlyCount "101"]
[EventDate "2022.03.26"]
[EventType "swiss"]
[EventRounds "9"]
[EventCountry "GER"]
[SourceTitle "CBM 207 Extra"]
[Source "ChessBase"]
[SourceDate "2022.05.31"]
[SourceVersion "1"]
[SourceVersionDate "2022.05.31"]
[SourceQuality "1"]

1. d4 Nf6 2. Nf3 g6 3. Nc3 d5 4. h3 Bg7 5. Bf4 a6 6. e3 0-0 7. Be2 h6 8. 0-0 Be6 9. Ne5 Nbd7 10. Bg4 Nxg4 11. Nxg4 g5 12. Bh2 f6 13. f4 c5 14. f5 Bf7 15. Qe2 h5 16. Nf2 cxd4 17. exd4 Re8 18. Qf3 Nb6 19. Rae1 Qd7 20. Nd3 Qc6 21. Nc5 Nc4 22. Ne6 Nd2 23. Qd3 Nxf1 24. Qxf1 Bxe6 25. Rxe6 Qd7 26. Qf3 h4 27. Nxd5 Rad8 28. c4 b5 29. b3 bxc4 30. bxc4 Rc8 31. Kh1 Rxc4 32. Qh5 Rxd4 33. Ne3 Rc8 34. Rxa6 Re4 35. Qf3 Qb7 36. Rb6 Qxb6 37. Qxe4 Kf8 38. Bg1 Qc6 39. Qd3 e6 40. Qa3+ Kf7 41. Qb3 Bf8 42. fxe6+ Qxe6 43. Qb7+ Kg8 44. Nd5 Rc1 45. Qb3 Rxg1+ 46. Kxg1 Qe1+ 47. Kh2 Bd6+ 48. g3 Qf2+ 49. Kh1 Qf1+ 50. Kh2 hxg3+ 51. Qxg3 0-1

[Event "Rottach Egern Seniors Cup 10th"]
[Site "Rottach Egern"]
[Date "2022.03.31"]
[Round "6"]
[White "Heidrich, Detlef"]
[Black "Auterhoff, Juergen"]
[Result "0-1"]
[WhiteElo "1578"]
[BlackElo "1766"]
[PlyCount "80"]
[EventDate "2022.03.26"]
[EventType "swiss"]
[EventRounds "9"]
[EventCountry "GER"]
[SourceTitle "CBM 207 Extra"]
[Source "ChessBase"]
[SourceDate "2022.05.31"]
[SourceVersion "1"]
[SourceVersionDate "2022.05.31"]
[SourceQuality "1"]

1. d4 Nf6 2. Nf3 d5 3. e3 e6 4. a3 c5 5. dxc5 Bxc5 6. b4 Be7 7. Be2 0-0 8. 0-0 b6 9. Bb2 Bb7 10. Nbd2 Nbd7 11. h3 Rc8 12. Rc1 a6 13. Bd3 b5 14. Nh2 e5 15. Bf5 Rc7 16. Qe2 g6 17. Bxd7 Nxd7 18. Ndf3 e4 19. Ng4 h5 20. Nfe5 hxg4 21. Nxg4 Nf6 22. f4 Nxg4 23. hxg4 Bf6 24. c3 Rc4 25. Kf2 Kg7 26. Rh1 Rh8 27. g5 Be7 28. Rcd1 Bc8 29. g4 Qd7 30. Rxh8 Kxh8 31. Kg3 Kg8 32. Rh1 Bd6 33. Rh4 Kf8 34. Qd1 Ke7 35. Kf2 Qe6 36. a4 Bb8 37. a5 Ba7 38. f5 gxf5 39. Rh6 Qe5 40. g6 Qf4+ 0-1

[Event "Rottach Egern Seniors Cup 10th"]
[Site "Rottach Egern"]
[Date "2022.03.26"]
[Round "1"]
[White "Heidrich, Detlef"]
[Black "Steiger, Michael"]
[Result "1/2-1/2"]
[WhiteElo "1578"]
[BlackElo "1936"]
[PlyCount "96"]
[EventDate "2022.03.26"]
[EventType "swiss"]
[EventRounds "9"]
[EventCountry "GER"]
[SourceTitle "CBM 207 Extra"]
[Source "ChessBase"]
[SourceDate "2022.05.31"]
[SourceVersion "1"]
[SourceVersionDate "2022.05.31"]
[SourceQuality "1"]

1. d4 Nf6 2. Nf3 e6 3. h3 b6 4. Bf4 c5 5. e3 cxd4 6. exd4 d6 7. c3 Be7 8. Be2 0-0 9. 0-0 Ba6 10. Nbd2 h6 11. a3 Qc7 12. Bh2 Bxe2 13. Qxe2 Nbd7 14. Rac1 Qb7 15. Rfe1 b5 16. b4 a5 17. Nb1 Rfc8 18. Nfd2 Qd5 19. Qf3 axb4 20. axb4 Qxf3 21. Nxf3 Nd5 22. Nfd2 Rc6 23. Nb3 Ra2 24. Bg3 Bg5 25. Rcd1 Nxc3 26. Nxc3 Rxc3 27. Na5 d5 28. Nb7 Be7 29. Bd6 Kf8 30. Ra1 Rxa1 31. Rxa1 Bxd6 32. Nxd6 Ke7 33. Nxb5 Rc4 34. Rb1 Nb6 35. Kf1 Rc2 36. Rb3 Nc4 37. Kg1 Kd7 38. Na3 Rc1+ 39. Kh2 Nxa3 40. Rxa3 Rb1 41. Ra7+ Kc6 42. Rxf7 Rxb4 43. Rxg7 Rxd4 44. Rg6 Re4 45. f3 Re2 46. Rxh6 d4 47. Kg1 d3 48. Rh8 Re5 1/2-1/2

[Event "GER Cup Net V4 U1600"]
[Site "Playchess.com INT"]
[Date "2020.05.31"]
[Round "7"]
[White "Heidrich, Detlef"]
[Black "Fleischmann, Theo"]
[Result "1-0"]
[WhiteElo "1475"]
[BlackElo "1547"]
[PlyCount "69"]
[EventDate "2020.05.31"]
[EventType "swiss (blitz)"]
[EventRounds "9"]
[EventCountry "GER"]
[SourceTitle "EXT 2021"]
[Source "ChessBase"]
[SourceDate "2020.10.23"]
[SourceVersion "1"]
[SourceVersionDate "2020.10.23"]
[SourceQuality "1"]

1. d4 Nf6 2. Nf3 d5 3. h3 Nc6 4. Bf4 Bf5 5. a3 e6 6. Nc3 Bd6 7. Be5 Qe7 8. e3 a6 9. Be2 Bxe5 10. Nxe5 Nxe5 11. dxe5 Ne4 12. Nxe4 Bxe4 13. 0-0 Qg5 14. Bf3 Qxe5 15. c4 Rd8 16. cxd5 Rxd5 17. Qa4+ c6 18. Bxe4 Ra5 19. Qc2 Rc5 20. Qa4 Ra5 21. Qb3 Qxe4 22. Qxb7 0-0 23. b4 Rg5 24. g3 a5 25. Rac1 Rb5 26. Qa7 axb4 27. a4 Rd5 28. Rxc6 Qf3 29. e4 Qxe4 30. a5 b3 31. Rcc1 b2 32. Rb1 Rd2 33. a6 Ra8 34. Qb6 Qe3 35. Qxe3 1-0

[Event "GER Cup Net V3 U1600"]
[Site "Playchess.com INT"]
[Date "2020.05.27"]
[Round "4"]
[White "Heidrich, Detlef"]
[Black "Rohm, Linus"]
[Result "0-1"]
[WhiteElo "1495"]
[BlackElo "1758"]
[PlyCount "88"]
[EventDate "2020.05.27"]
[EventType "swiss (blitz)"]
[EventRounds "9"]
[EventCountry "GER"]
[SourceTitle "EXT 2021"]
[Source "ChessBase"]
[SourceDate "2020.10.23"]
[SourceVersion "1"]
[SourceVersionDate "2020.10.23"]
[SourceQuality "1"]

1. d4 Nf6 2. Nf3 g6 3. h3 d5 4. Bf4 Bg7 5. e3 0-0 6. Be2 c5 7. c4 Nc6 8. dxc5 dxc4 9. Qxd8 Rxd8 10. Bxc4 Ne4 11. 0-0 Bxb2 12. Nbd2 Nxd2 13. Nxd2 Bxa1 14. Ne4 Be5 15. Bh6 Bg7 16. Bxg7 Kxg7 17. Ng5 Ne5 18. Bb3 h6 19. Ne4 Bf5 20. Ng3 Bd3 21. Re1 Bc4 22. f4 Bxb3 23. fxe5 Bxa2 24. e4 Rd2 25. h4 Rad8 26. h5 Rc2 27. hxg6 fxg6 28. Nf1 Bc4 29. Ne3 Rc3 30. Nd5 Bxd5 31. exd5 Rxd5 32. e6 Rcxc5 33. Rb1 b5 34. Ra1 Rc7 35. Kh2 b4 36. g3 b3 37. Rb1 Rb7 38. Kh3 b2 39. g4 Rc5 40. Kh4 Rc1 41. Rxb2 Rxb2 42. g5 Rg1 43. gxh6+ Kxh6 44. Kh3 Rg5 0-1

[Event "GER Cup Net V2 U1600"]
[Site "Playchess.com INT"]
[Date "2020.05.22"]
[Round "5"]
[White "Karpe, Sebastian"]
[Black "Heidrich, Detlef"]
[Result "0-1"]
[WhiteElo "1314"]
[BlackElo "1457"]
[PlyCount "80"]
[EventDate "2020.05.22"]
[EventType "swiss (blitz)"]
[EventRounds "9"]
[EventCountry "GER"]
[SourceTitle "EXT 2021"]
[Source "ChessBase"]
[SourceDate "2020.10.23"]
[SourceVersion "1"]
[SourceVersionDate "2020.10.23"]
[SourceQuality "1"]

1. d4 b6 2. c4 Bb7 3. Nf3 e6 4. Nc3 d6 5. e3 Be7 6. Be2 h6 7. 0-0 Nf6 8. b3 0-0 9. Bb2 Nh7 10. Qc2 Nd7 11. Bd3 Ndf6 12. h3 Bxf3 13. gxf3 Ng5 14. Kg2 Qd7 15. Ne2 e5 16. Bf5 Qd8 17. Ng3 a5 18. dxe5 dxe5 19. Bxe5 Bd6 20. Bxd6 Qxd6 21. Rad1 Qc5 22. h4 Ngh7 23. Rfe1 Rfe8 24. Be4 Rab8 25. Bd3 Re5 26. Ne4 Rxe4 27. Bxe4 Qh5 28. Rh1 Qe5 29. f4 Qe6 30. Bf5 Qe7 31. e4 g6 32. Bg4 Nxg4 33. f3 Ngf6 34. e5 Nh5 35. Rd2 Nxf4+ 36. Kf2 Qxe5 37. Re1 Qc5+ 38. Kg3 Nh5+ 39. Kg2 N7f6 40. Ree2 Nf4+ 0-1

[Event "GER Cup Net V2 U1600"]
[Site "Playchess.com INT"]
[Date "2020.05.22"]
[Round "2"]
[White "Ruddat, Jarne"]
[Black "Heidrich, Detlef"]
[Result "1-0"]
[WhiteElo "1640"]
[BlackElo "1503"]
[PlyCount "75"]
[EventDate "2020.05.22"]
[EventType "swiss (blitz)"]
[EventRounds "9"]
[EventCountry "GER"]
[SourceTitle "EXT 2021"]
[Source "ChessBase"]
[SourceDate "2020.10.23"]
[SourceVersion "1"]
[SourceVersionDate "2020.10.23"]
[SourceQuality "1"]

1. e4 b6 2. d4 Bb7 3. Nc3 e6 4. Nf3 d6 5. Bd3 Be7 6. Bf4 h6 7. 0-0 Nd7 8. e5 Bxf3 9. Qxf3 dxe5 10. dxe5 Bg5 11. Bxg5 hxg5 12. Bb5 Rb8 13. Rad1 Ke7 14. Rxd7+ Qxd7 15. Bxd7 Kxd7 16. Qxf7+ Ne7 17. Rd1+ Kc8 18. Qxe6+ Kb7 19. Qxe7 Rhe8 20. Qxg5 Rg8 21. e6 g6 22. e7 Rge8 23. Qd5+ Ka6 24. Qb5+ Kb7 25. Qd7 g5 26. Qd8 Rbxd8 27. exd8Q Rxd8 28. Rxd8 g4 29. Rg8 g3 30. Rxg3 a5 31. Rg7 Kc6 32. h4 b5 33. Nxb5 Kxb5 34. Rxc7 a4 35. Ra7 a3 36. Rxa3 Kb4 37. h5 Kc4 38. h6 1-0

[Event "GER Cup Net V1 U1600"]
[Site "Playchess.com INT"]
[Date "2020.05.19"]
[Round "3"]
[White "Schenk, Michael"]
[Black "Heidrich, Detlef"]
[Result "1-0"]
[WhiteElo "1375"]
[BlackElo "1514"]
[PlyCount "97"]
[EventDate "2020.05.19"]
[EventType "swiss (blitz)"]
[EventRounds "9"]
[EventCountry "GER"]
[SourceTitle "EXT 2021"]
[Source "ChessBase"]
[SourceDate "2020.10.23"]
[SourceVersion "1"]
[SourceVersionDate "2020.10.23"]
[SourceQuality "1"]

1. e4 b6 2. d4 Bb7 3. Nc3 e6 4. Nf3 d6 5. Bb5+ c6 6. Bd3 Be7 7. 0-0 h6 8. Re1 Nd7 9. Bf4 Bf6 10. e5 dxe5 11. dxe5 Be7 12. a3 b5 13. Qd2 Nc5 14. b4 Nxd3 15. cxd3 a6 16. Rac1 Qc7 17. d4 Rd8 18. Ne4 f5 19. Nd6+ Bxd6 20. exd6 Qd7 21. Ne5 Qxd6 22. Ng6 Qd5 23. Nxh8 c5 24. f3 cxd4 25. Rxe6+ Qxe6 26. Re1 Qxe1+ 27. Qxe1+ Ne7 28. Ng6 Rd7 29. Nxe7 Rxe7 30. Qd2 Rd7 31. h3 g5 32. Be5 d3 33. Kf2 Rd5 34. Bc3 g4 35. hxg4 fxg4 36. Qe3+ Kf7 37. Qf4+ Kg6 38. Qxg4+ Rg5 39. Qe6+ Kh5 40. g4+ Rxg4 41. Qf5+ Rg5 42. Qf7+ Rg6 43. Qxb7 Kh4 44. Qe4+ Kh5 45. Qxd3 Kh4 46. Bd2 Kh5 47. Qf5+ Kh4 48. Qf4+ Kh5 49. Qh2# 1-0

[Event "GER Cup Net V1 U1600"]
[Site "Playchess.com INT"]
[Date "2020.05.19"]
[Round "6"]
[White "Siemianowski, Regina"]
[Black "Heidrich, Detlef"]
[Result "1-0"]
[WhiteElo "1363"]
[BlackElo "1510"]
[PlyCount "79"]
[EventDate "2020.05.19"]
[EventType "swiss (blitz)"]
[EventRounds "9"]
[EventCountry "GER"]
[SourceTitle "EXT 2021"]
[Source "ChessBase"]
[SourceDate "2020.10.23"]
[SourceVersion "1"]
[SourceVersionDate "2020.10.23"]
[SourceQuality "1"]

1. e4 b6 2. d4 Bb7 3. Nc3 e6 4. Nf3 d6 5. Bd3 Be7 6. 0-0 h6 7. Be3 Nd7 8. d5 e5 9. Qd2 Ngf6 10. Ne1 Ng4 11. f4 Nxe3 12. Qxe3 0-0 13. fxe5 Nxe5 14. Be2 Bg5 15. Qh3 Bc8 16. Qg3 Bh4 17. Qe3 Bg4 18. Bxg4 Nxg4 19. Qf3 Bg5 20. Qxg4 a6 21. Nf3 Bf6 22. Ne2 Bxb2 23. Rab1 Ba3 24. c4 Qe7 25. Nh4 b5 26. Nf5 Qf6 27. cxb5 axb5 28. Rxb5 Bc5+ 29. Kh1 Rxa2 30. Rbb1 Rfa8 31. Neg3 Rb2 32. Rxb2 Qxb2 33. Nxh6+ Kh7 34. Nhf5 Ra1 35. Qh4+ Kg8 36. Qd8+ Kh7 37. Qh4+ Kg8 38. Qg4 Rxf1+ 39. Nxf1 Qf2 40. Qxg7# 1-0

[Event "GER-ch Net Amateur Gr-C Final"]
[Site "Playchess.com INT"]
[Date "2020.04.18"]
[Round "6"]
[White "Cancedda, Bastian"]
[Black "Heidrich, Detlef"]
[Result "0-1"]
[WhiteElo "1568"]
[BlackElo "1497"]
[PlyCount "98"]
[EventDate "2020.04.18"]
[EventType "swiss (blitz)"]
[EventRounds "13"]
[EventCountry "GER"]
[SourceTitle "CBM 195 Extra"]
[Source "ChessBase"]
[SourceDate "2020.05.31"]
[SourceVersion "1"]
[SourceVersionDate "2020.05.31"]
[SourceQuality "1"]

1. c4 e5 2. Nc3 Nc6 3. d3 a6 4. e4 Bc5 5. Nge2 d6 6. g3 Bg4 7. Bg2 Nf6 8. 0-0 h6 9. a3 0-0 10. b4 Ba7 11. Rb1 b5 12. cxb5 axb5 13. Nxb5 Nd4 14. Nbxd4 Bxd4 15. Kh1 d5 16. f3 Be6 17. Nxd4 exd4 18. Ra1 Ra6 19. Bb2 dxe4 20. fxe4 Nh7 21. Qd2 Qd7 22. Rfb1 Ng5 23. Qf2 Bh3 24. Re1 Bxg2+ 25. Qxg2 Rf6 26. Rf1 Rg6 27. Rac1 Ne6 28. Rfe1 Qb5 29. Red1 Rf6 30. Rc2 Rg6 31. Rf2 f5 32. exf5 Rxf5 33. Rxf5 Qxf5 34. Rd2 Nf4 35. Qf2 Qd5+ 36. Kg1 Nh3+ 37. Kf1 Nxf2 38. Rxf2 Qh1+ 39. Ke2 Re6+ 40. Kd2 Qb1 41. Bc1 Qa2+ 42. Kd1 Qxf2 43. Bd2 Qf1+ 44. Kc2 Rc6+ 45. Kb2 Qxd3 46. Bc3 Rxc3 47. Ka1 Qd2 48. b5 Qc1+ 49. Ka2 Rxa3# 0-1

[Event "GER-ch Net Amateur Gr-C Final"]
[Site "Playchess.com INT"]
[Date "2020.04.18"]
[Round "13"]
[White "Heidrich, Detlef"]
[Black "Radeke, Timothy"]
[Result "1-0"]
[WhiteElo "1497"]
[BlackElo "1614"]
[PlyCount "84"]
[EventDate "2020.04.18"]
[EventType "swiss (blitz)"]
[EventRounds "13"]
[EventCountry "GER"]
[SourceTitle "CBM 195 Extra"]
[Source "ChessBase"]
[SourceDate "2020.05.31"]
[SourceVersion "1"]
[SourceVersionDate "2020.05.31"]
[SourceQuality "1"]

1. d4 d5 2. Nf3 Nf6 3. h3 e6 4. Bf4 c5 5. e3 Nc6 6. Nc3 Be7 7. Be2 Bd7 8. 0-0 0-0 9. a3 a6 10. Rb1 b5 11. dxc5 Bxc5 12. b4 Bb6 13. Ne5 Nxe5 14. Bxe5 Rc8 15. Rb3 Bc7 16. Bxc7 Rxc7 17. Bf3 Qc8 18. Ne2 Rxc2 19. Nd4 Rc3 20. Rxc3 Qxc3 21. Bg4 Qxa3 22. Qf3 Qxb4 23. Rc1 Qd6 24. Kh1 Rc8 25. Ra1 e5 26. Bxd7 Nxd7 27. Nf5 Qf6 28. g4 g6 29. Nh6+ Kg7 30. Nf5+ gxf5 31. gxf5 Qg5 32. Rg1 h6 33. Rxg5+ hxg5 34. Qxd5 Nf6 35. Qxe5 Rc2 36. Kg2 b4 37. Qg3 Kh6 38. h4 Ne4 39. hxg5+ Kg7 40. Qe5+ Kg8 41. Qxe4 Rd2 42. g6 b3 1-0

[Event "GER-ch Net Amateur Gr-C Vor3"]
[Site "Playchess.com INT"]
[Date "2020.04.16"]
[Round "3"]
[White "Heidrich, Detlef"]
[Black "Loos, Tilda"]
[Result "1-0"]
[WhiteElo "1481"]
[BlackElo "1322"]
[PlyCount "63"]
[EventDate "2020.04.16"]
[EventType "swiss (blitz)"]
[EventRounds "9"]
[EventCountry "GER"]
[SourceTitle "CBM 195 Extra"]
[Source "ChessBase"]
[SourceDate "2020.05.31"]
[SourceVersion "1"]
[SourceVersionDate "2020.05.31"]
[SourceQuality "1"]

1. d4 d5 2. Nf3 Nc6 3. Bf4 Bg4 4. Nc3 Nf6 5. Nb5 e5 6. Nxe5 Bd6 7. Nxc6 bxc6 8. Nxd6+ cxd6 9. c3 0-0 10. h3 Bh5 11. Qa4 Qb6 12. b3 Rab8 13. Bxd6 Ne4 14. Bxb8 Nxc3 15. Qa3 Rxb8 16. e3 a5 17. Bd3 h6 18. 0-0 Qd8 19. Qc5 Ne4 20. Qxc6 Nd2 21. Rfc1 Nf3+ 22. Kh1 Nd2 23. Qc5 Ne4 24. Bxe4 dxe4 25. Qxh5 Qf6 26. Qd5 Qxf2 27. Rf1 Qh4 28. Rxf7 Kh8 29. Raf1 Rg8 30. R1f4 Qe1+ 31. Kh2 h5 32. Qxh5# 1-0

[Event "GER-ch Net Amateur Gr-C Vor3"]
[Site "Playchess.com INT"]
[Date "2020.04.16"]
[Round "5"]
[White "Heidrich, Detlef"]
[Black "Stoekler, Klaus Joachim"]
[Result "1-0"]
[WhiteElo "1484"]
[BlackElo "1376"]
[PlyCount "49"]
[EventDate "2020.04.16"]
[EventType "swiss (blitz)"]
[EventRounds "9"]
[EventCountry "GER"]
[SourceTitle "CBM 195 Extra"]
[Source "ChessBase"]
[SourceDate "2020.05.31"]
[SourceVersion "1"]
[SourceVersionDate "2020.05.31"]
[SourceQuality "1"]

1. d4 d5 2. Nf3 Nf6 3. h3 e6 4. Bf4 Nbd7 5. e3 b6 6. Bd3 Bb7 7. 0-0 a6 8. Nc3 Ne4 9. Ne5 Ndf6 10. Ne2 Bd6 11. c4 Bxe5 12. Bxe5 dxc4 13. Bxc4 0-0 14. Rc1 b5 15. Bd3 Ng5 16. Nf4 h6 17. Rxc7 Nd7 18. Rxb7 Nxe5 19. dxe5 Qa5 20. h4 Nh7 21. Qg4 Qxa2 22. Rc1 Qxb2 23. Nxe6 Qxc1+ 24. Kh2 Rfe8 25. Qxg7# 1-0

[Event "GER-ch Net Amateur Gr-C Vor2"]
[Site "Playchess.com INT"]
[Date "2020.04.15"]
[Round "7"]
[White "Heidrich, Detlef"]
[Black "Radeke, Timothy"]
[Result "0-1"]
[WhiteElo "1428"]
[BlackElo "1613"]
[PlyCount "110"]
[EventDate "2020.04.15"]
[EventType "swiss (blitz)"]
[EventRounds "9"]
[EventCountry "GER"]
[SourceTitle "CBM 196 Extra"]
[Source "ChessBase"]
[SourceDate "2020.07.31"]
[SourceVersion "1"]
[SourceVersionDate "2020.07.31"]
[SourceQuality "1"]

1. d4 d5 2. Nf3 e6 3. h3 Nf6 4. Bf4 c5 5. e3 Nc6 6. a3 cxd4 7. exd4 Be7 8. Bb5 0-0 9. 0-0 a6 10. Bd3 Qb6 11. b3 Kh8 12. Be3 Qc7 13. c4 Bd7 14. c5 b6 15. b4 bxc5 16. bxc5 Rab8 17. Nc3 Rb3 18. Na4 Rbb8 19. Nb6 Bd8 20. Bxa6 Qa7 21. Nxd7 Qxd7 22. Bd3 Ba5 23. Bf4 Rb7 24. Qa4 Bc7 25. Ne5 Nxe5 26. Qxd7 Nexd7 27. Bxc7 Rxc7 28. Bb5 Rb7 29. a4 Ne4 30. c6 Rc7 31. cxd7 Rd8 32. Rfe1 Nd6 33. Rac1 Nxb5 34. Rxc7 Nxc7 35. Rc1 Rxd7 36. a5 g6 37. a6 Nxa6 38. Rc8+ Kg7 39. f3 Nb4 40. Kf2 Nd3+ 41. Ke3 Ne1 42. g4 Ng2+ 43. Kf2 Nf4 44. Ke3 g5 45. h4 h6 46. hxg5 hxg5 47. Rc5 Kg6 48. Rc6 Rb7 49. Rc3 f5 50. gxf5+ exf5 51. Rc6+ Kf7 52. Rh6 Rb3+ 53. Kf2 Kg7 54. Rd6 Rb2+ 55. Ke3 Re2# 0-1

[Event "GER-ch Net Amateur Gr-C Vor2"]
[Site "Playchess.com INT"]
[Date "2020.04.15"]
[Round "5"]
[White "Heidrich, Detlef"]
[Black "Schenk, Quentin Alexander"]
[Result "1-0"]
[WhiteElo "1428"]
[BlackElo "1416"]
[PlyCount "61"]
[EventDate "2020.04.15"]
[EventType "swiss (blitz)"]
[EventRounds "9"]
[EventCountry "GER"]
[SourceTitle "CBM 196 Extra"]
[Source "ChessBase"]
[SourceDate "2020.07.31"]
[SourceVersion "1"]
[SourceVersionDate "2020.07.31"]
[SourceQuality "1"]

1. d4 d5 2. Nf3 Nc6 3. h3 Nf6 4. Bf4 Bf5 5. e3 e6 6. a3 h6 7. Nc3 Bd6 8. Be5 Bxe5 9. Nxe5 Nxe5 10. dxe5 Nd7 11. Qd4 c5 12. Qf4 0-0 13. Bd3 Bxd3 14. cxd3 Rc8 15. 0-0 Nb6 16. Nb5 a6 17. Nd6 Rc6 18. Nxb7 Qc8 19. Na5 Rc7 20. Nb3 c4 21. dxc4 dxc4 22. Nd4 Rd8 23. Rac1 c3 24. bxc3 Rxc3 25. Rxc3 Qc4 26. Rxc4 Nxc4 27. Qh4 Rb8 28. Nc6 Rb6 29. Ne7+ Kf8 30. Rc1 Nd2 31. Rc8# 1-0

[Event "GER-ch Net blitz qual1"]
[Site "Playchess.com INT"]
[Date "2020.03.07"]
[Round "2"]
[White "Haertel, Stephan"]
[Black "Heidrich, Detlef"]
[Result "1-0"]
[WhiteElo "1979"]
[BlackElo "1614"]
[PlyCount "67"]
[EventDate "2020.03.07"]
[EventType "swiss (blitz)"]
[EventRounds "9"]
[EventCountry "GER"]
[SourceTitle "CBM 195 Extra"]
[Source "ChessBase"]
[SourceDate "2020.05.31"]
[SourceVersion "1"]
[SourceVersionDate "2020.05.31"]
[SourceQuality "1"]

1. e4 b6 2. d4 Bb7 3. d5 d6 4. c4 Nd7 5. Nf3 Nc5 6. Nc3 e5 7. Be2 Be7 8. 0-0 h6 9. b4 Nd7 10. Be3 Ngf6 11. h3 0-0 12. g4 Nh7 13. Qd2 Ng5 14. Kh2 a6 15. Ng1 Bc8 16. f4 exf4 17. Bxf4 Ne5 18. Bxe5 dxe5 19. Nf3 Bd7 20. a3 Bd6 21. Bd3 Nh7 22. Nd1 Qe8 23. Ne3 g6 24. Rf2 Ng5 25. Nf1 Qd8 26. Ng3 Be7 27. Raf1 Kh7 28. Nxe5 Bxg4 29. Nxf7 Qc8 30. Nxg5+ Bxg5 31. Qc3 Qd7 32. Rxf8 Rxf8 33. Rxf8 Bxh3 34. Rh8# 1-0

[Event "GER-ch Net blitz qual1"]
[Site "Playchess.com INT"]
[Date "2020.03.07"]
[Round "6"]
[White "Reich, Jason"]
[Black "Heidrich, Detlef"]
[Result "1/2-1/2"]
[WhiteElo "1529"]
[BlackElo "1614"]
[PlyCount "175"]
[EventDate "2020.03.07"]
[EventType "swiss (blitz)"]
[EventRounds "9"]
[EventCountry "GER"]
[SourceTitle "CBM 195 Extra"]
[Source "ChessBase"]
[SourceDate "2020.05.31"]
[SourceVersion "1"]
[SourceVersionDate "2020.05.31"]
[SourceQuality "1"]

1. d4 b6 2. c4 Bb7 3. Nc3 e6 4. f3 d6 5. e4 Be7 6. Bd3 Nf6 7. Be3 Nh5 8. Nge2 0-0 9. 0-0 Nf6 10. Qd2 Nbd7 11. d5 e5 12. b4 Bc8 13. Rac1 a6 14. Na4 h6 15. c5 b5 16. Nb2 Nh7 17. c6 Ndf6 18. a4 bxa4 19. Nxa4 Nh5 20. Nac3 f5 21. Bf2 f4 22. Ra1 Bh4 23. b5 Qg5 24. Bxh4 Qxh4 25. bxa6 Ng5 26. Kh1 Ng3+ 27. Nxg3 fxg3 28. h3 Bxh3 29. gxh3 Nxf3 30. Qg2 Ng5 31. Rxf8+ Rxf8 32. a7 Rf2 33. a8Q+ Kh7 34. Qa2 Nxh3 35. Qaxf2 Nxf2+ 36. Kg1 Nxd3 37. Ne2 Nf4 38. Nxf4 exf4 39. Rf1 Qg4 40. Qf3 Qh3 41. Qg2 Qg4 42. Rf3 h5 43. e5 dxe5 44. Qc2+ Kh6 45. Qe4 h4 46. d6 cxd6 47. c7 Qh3 48. Rf2 gxf2+ 49. Kxf2 Qg3+ 50. Ke2 Qg4+ 51. Qf3 Qc8 52. Qf2 Qxc7 53. Qxh4+ Kg6 54. Qg4+ Kf7 55. Qf5+ Kg8 56. Qe6+ Qf7 57. Qc8+ Kh7 58. Qh3+ Kg6 59. Qg4+ Kf6 60. Qh4+ g5 61. Qh6+ Qg6 62. Qf8+ Qf7 63. Qxd6+ Qe6 64. Qf8+ Qf7 65. Qh6+ Ke7 66. Qxg5+ Kf8 67. Qh6+ Qg7 68. Qd6+ Qe7 69. Qh6+ Kf7 70. Qh7+ Ke6 71. Qg6+ Kd5 72. Qd3+ Kc6 73. Qc4+ Qc5 74. Qe6+ Kb5 75. Qb3+ Qb4 76. Qd5+ Ka4 77. Qa8+ Kb3 78. Qf3+ Qc3 79. Qb7+ Kc2 80. Qe4+ Kc1 81. Qh1+ Kb2 82. Qb7+ Qb3 83. Qd7 Qc2+ 84. Kf3 e4+ 85. Kxf4 e3 86. Qd4+ Qc3 87. Qxe3 Qxe3+ 88. Kxe3 1/2-1/2